| 000 | 00549cam a22002171 4500 | ||
|---|---|---|---|
| 001 | sa 66004256 | ||
| 003 | DLC | ||
| 005 | 20260227112241.0 | ||
| 008 | 900829s1964 ii 000 0 kano | ||
| 010 | _asa 66004256 | ||
| 035 | _a(OCoLC)22291954 | ||
| 040 |
_aDLC _cWaU _dDLC |
||
| 042 | _apremarc | ||
| 050 | 0 | 0 |
_aBL1215.M3 _bS5 |
| 100 | 1 | _aSiddhappārādhya, Ṭī. Jī. | |
| 245 | 1 | 0 | _aMānava mattu prakr̥ti. |
| 260 | _c1964. | ||
| 300 |
_aviii, 97 p. _c17 cm. |
||
| 500 | _aIn Kannada. | ||
| 650 | 0 |
_aTheological anthropology _xHinduism. |
|
| 999 |
_c69295 _d69295 |
||